| 000 | 01176nam a2200241 a 4500 | ||
|---|---|---|---|
| 005 | 20210219160112.0 | ||
| 008 | 080801s1983 mx r 000 0 spa d | ||
| 035 | _aUPN01000158688 | ||
| 049 | _aUNE | ||
| 080 | _a551.351. 5.002.1 (7/8)=20 COR No.23 | ||
| 111 | 2 | _aWorkshop on the Interactions between Mangroves, Seagrass Beds and Coral Reefs in the Coastal Zones of the Caribbean, Virgin Islands, USA | |
| 245 | 0 | 0 |
_aCoral Reefs, Seagrass Beds and Mangroves : _bTheir Interaction in the Coastal Zones of the Caribbean; Report / _cJohn C. Ogden; Elizabeth H. Gladfelter. |
| 260 |
_aParís : _bUNESCO : _bMontevideo, Uruguay : _bROSTLAC, _c1983. |
||
| 300 |
_a133 p. : _bil., map. |
||
| 440 | 0 |
_aUNESCO Reports in Marine Science ; _v23 |
|
| 690 | _aArrecifes de coral - Medio ambiente marino - Microorganismos | ||
| 690 | _aBiologia marina - Zooplancton - Manglares - Zonas costeras | ||
| 690 | _aAmerica Latina - Arrecifes de coral - Microorganismos | ||
| 700 | 1 |
_aOgden, John C., _ecoaut. |
|
| 710 | 2 |
_aGladfelter, Elizabeth H., _ecoaut. |
|
| 710 | 2 | _aROSTLAC. Oficina Regional de Ciencia y Tecnología de la UNESCO para América Latina y el Caribe | |
| 905 | _aUNESCO | ||
| 999 |
_c130802 _d130802 |
||